000 00709nam a22002177a 4500
005 20250325103951.0
008 250325b |||||||| |||| 00| 0 eng d
020 _a9781032963679
040 _cAIMIT LIBRARY
082 _21
_a005.73
_bSAHS
100 _aSaha, Suman.
_9206872
245 _aAdvanced data structures :
_btheory and applications /
_cBy Suman Saha and Shailendra Shukla.
250 _a1st ed.
260 _aNew York :
_bCRC Press ,
_c2025.
300 _axxi,238p. ;
_bPB
_c23.9 cm
650 _aTheoretical advancements
_9206873
650 _aEvolving paradigms
_9206874
650 _aRecent application
_9206875
700 _aShukla, Shailendrs.
_9206876
942 _2ddc
_cBK
_e1st
_k005.73 SAHS
999 _c234004
_d234004